| 000 | 01237nam a2200313 i 4500 | ||
|---|---|---|---|
| 001 | 000027098 | ||
| 003 | DO-SdBNP | ||
| 005 | 20241204131512.0 | ||
| 007 | ta | ||
| 008 | 110329s1940 dr abc r 000 0 spa d | ||
| 040 |
_aDO-SdBNP _bspa _cBNPHU _erda |
||
| 041 | _aspa | ||
| 082 | 4 |
_a923.57293 _bG633d _222 |
|
| 100 | 1 |
_aGómez, Máximo, _d1836-1905 _eautor _912249 _4aut. |
|
| 245 | 1 | 0 | _aDiario de campaña del mayor general Máximo Gómez, 1868-1899. |
| 264 | 1 |
_aLa Habana : _bCentro Superior Tecnológico Ceiba del Agua, _c1940. |
|
| 300 |
_axxi 4, 623, 40 páginas : _bilustraciones mapa, retratos. ; _c26 cm. |
||
| 336 |
_ardacontent _btexto _2txt |
||
| 337 |
_ardamedia _bsin mediación _2n |
||
| 338 |
_ardacarrier _bvolumen _2nc |
||
| 500 | _aEdición homenaje al cumplirse el 104 aniversario del natalicio del General Máximo Gómez, noviembre 18 de 1940. | ||
| 590 | _aInventariado, 2019/BT | ||
| 600 | 1 | 0 |
_aGómez, Máximo, _d1836-1905 _912249 |
| 651 | 4 |
_aCuba _xHistoria _yGuerra de los diez años, 1868-1878 _911018 |
|
| 651 | 4 |
_aCuba _xHistoria _yGuerra de Independencia, 1895-1898 _911019 |
|
| 710 | 1 |
_aComisión del Archico de Máximo Gómez _954176 |
|
| 910 | _aValidado. Control de calidad. MMOLINA | ||
| 942 |
_2ddc _cLBS1 |
||
| 999 |
_c26590 _d26590 |
||